Relations between Byblos, Egypt and Mesopotamia at the end of the third millennium B.C. : a study of the Montet jar /

Bibliographic Details
Main Author: Tufnell, Olga
Other Authors: Ward, William A., 1928-
Format: Book
Language:English
Published: Paris : Libraire Orientaliste Paul Geuthner, 1966.
Subjects:

MARC

Tag First Indicator Second Indicator Subfields
LEADER 00000cam a2200000Ma 4500
001 in00000552421
005 20240426164318.0
008 811110s1966 fr af b 000 0 eng d
019 |a 11705853 
029 0 |a AU@  |b 000009638381 
029 1 |a DEBBG  |b BV007519766 
029 1 |a GBVCP  |b 891024891 
035 |a (OCoLC)ocn221350522 
035 |a (OCoLC)221350522  |z (OCoLC)11705853 
040 |a AU@  |b eng  |c AU@  |d OCLCQ  |d SUC  |d DEBBG  |d LEAUB  |d OCLCQ  |d OCLCO  |d OCLCF  |d OCLCQ  |d OCLCO  |d OCLCL 
043 |a a-le--- 
050 4 |a DS89.B9  |b T8 
082 0 4 |a 913.3944  |2 20 
084 |a BC 8175  |2 rvk 
100 1 |a Tufnell, Olga. 
245 1 0 |a Relations between Byblos, Egypt and Mesopotamia at the end of the third millennium B.C. :  |b a study of the Montet jar /  |c by O. Tufnell and W.A. Ward. 
260 |a Paris :  |b Libraire Orientaliste Paul Geuthner,  |c 1966. 
300 |a 165-241 pages :  |b illustrations, plates 
336 |a text  |b txt  |2 rdacontent 
337 |a unmediated  |b n  |2 rdamedia 
338 |a volume  |b nc  |2 rdacarrier 
500 |a Cover title. 
500 |a Reprinted from Syria, 1966, v. 43, fasc. 3-4. 
504 |a Includes bibliographical references. 
650 0 |a Phoenicians. 
651 0 |a Jubayl (Lebanon)  |x Civilization  |x Egyptian influences. 
651 0 |a Jubayl (Lebanon)  |x Antiquities. 
650 6 |a Phéniciens. 
650 7 |a Antiquities.  |2 fast  |0 (OCoLC)fst00810745 
650 7 |a Civilization  |x Egyptian influences.  |2 fast  |0 (OCoLC)fst00862905 
650 7 |a Phoenicians.  |2 fast  |0 (OCoLC)fst01061214 
651 7 |a Lebanon  |z Jubayl.  |2 fast  |0 (OCoLC)fst01236274 
700 1 |a Ward, William A.,  |d 1928-  |1 https://id.oclc.org/worldcat/entity/E39PBJtWYDpb7r4xbv643QKmVC 
758 |i has work:  |a Relations between Byblos, Egypt and Mesopotamia at the end of the third millennium B.C (Text)  |1 https://id.oclc.org/worldcat/entity/E39PCGfPrpkfgXYkcq4WkdXDbd  |4 https://id.oclc.org/worldcat/ontology/hasWork 
948 |h HELD BY TXA - 13 OTHER HOLDINGS 
994 |a Z0  |b TXA 
999 f f |s ed2b601c-8339-32dc-a8eb-f0a474241281  |i ed945c2a-1126-34fe-8282-2e8eb4bb53b2  |t 0 
952 f f |p ric  |a Texas A&M University  |b Rellis Campus  |c Joint Library Facility  |d Remote Storage  |t 0  |e DS89.B9 T8 1966  |h Library of Congress classification  |i unmediated -- volume  |m A14808323996 
998 f f |a DS89.B9 T8 1966  |t 0  |l Remote Storage